|
|
|
|
| LEADER |
00000nam0a2200000 4500 |
| 001 |
263024 |
| 005 |
20231031222249.0 |
| 010 |
|
|
|a 5110001979
|
| 020 |
|
|
|a RU
|b 88-64523
|
| 035 |
|
|
|a (RuTPU)RU\TPU\book\286008
|
| 090 |
|
|
|a 263024
|
| 100 |
|
|
|a 20140605d1988 k y0rusy5003 ca
|
| 101 |
0 |
|
|a rus
|
| 102 |
|
|
|a UA
|
| 105 |
|
|
|a a z 001zy
|
| 200 |
1 |
|
|a Организация информирования руководителей в условиях системной обработки данных на ЭВМ
|f Н. Г. Твердохлеб, Е. Н. Твердохлеб
|
| 210 |
|
|
|a Киев
|c Выща школа
|d 1988
|
| 215 |
|
|
|a 166,[1] с.
|c ил.
|
| 333 |
|
|
|a Исключено из фонда НТБ ТПУ
|
| 700 |
|
1 |
|a Твердохлеб
|b Н. Г.
|g Николай Григорьевич
|
| 701 |
|
1 |
|a Твердохлеб
|b Е. Н.
|g Евгений Николаевич
|
| 801 |
|
0 |
|a RU
|b RuMRKP
|c 19950417
|g psbo
|
| 801 |
|
1 |
|a RU
|b 63413507
|c 20140605
|
| 801 |
|
2 |
|a RU
|b 63413507
|c 20220314
|g RCR
|
| 942 |
|
|
|c BK
|